Freaks and Geeks Episodes Quiz Stats

 Plays Quiz not verified by Sporcle

Challenge
Share
Tweet
Embed
Score 0/18 Timer 05:00
0 Plays Today
Episode number (According to DVD) Episode Title % Correct
1Pilot
94.5%
2Beers and Weirs
84.6%
4Kim Kelly Is My Friend
75.8%
18Discos and Dragons
73.6%
3Tricks and Treats
61.5%
5Tests and Breasts
58.2%
6I'm with the Band
54.9%
8Girlfriends and Boyfriends
54.9%
7Carded and Discarded
53.8%
Episode number (According to DVD) Episode Title % Correct
15Noshing and Moshing
50.5%
17The Little Things
50.5%
13Chokin' and Tokin'
49.5%
16Smooching and Mooching
49.5%
9We've Got Spirit
48.4%
14Dead Dogs and Gym Teachers
48.4%
12The Garage Door
47.3%
10The Diary
42.9%
11Looks and Books
38.5%

You're not logged in!

Compare scores with friends on all Sporcle quizzes.
OR
Log In

You Might Also Like...

Show Comments

Extras

Created Dec 16, 2009ReportNominate
Tags:Numbers Quiz, dvd, episode, freak, geek

Top Quizzes Today


Score Distribution

Your Account Isn't Verified!

In order to create a playlist on Sporcle, you need to verify the email address you used during registration. Go to your Sporcle Settings to finish the process.

Report this User

Report this user for behavior that violates our Community Guidelines.

Details: